|
|
|
|
| LEADER |
00000cam a2200000 a 4500 |
| 001 |
vtls001295096 |
| 003 |
SK-MaSNL |
| 005 |
20260301113628.0 |
| 008 |
251029s1871 xo 0000d slo |
| 015 |
|
|
|a SNBA2014/03
|
| 035 |
|
|
|a SNK000246904
|
| 040 |
|
|
|a SNK
|b slo
|c SNK
|e AACR2
|
| 041 |
0 |
|
|a slo
|
| 044 |
|
|
|a xo
|c SK
|
| 080 |
|
|
|a 094
|2 2011
|
| 080 |
|
|
|a 821.162.4
|2 2011
|
| 080 |
|
|
|a 821.162.4-2
|2 2011
|
| 100 |
1 |
|
|a Lauček, Daniel Jonatán Záboj,
|d 1846-1911
|4 aut
|9 157629
|
| 245 |
1 |
0 |
|a Úklad a matka
|b smutnohra v piatich dejoch
|c od Daňa Zab. Laučeka
|
| 260 |
|
|
|a Turč. Sv. Martin
|b Matica slovenská
|c 1871
|f Kníhtlačiarsko-účastinársky spolok
|
| 300 |
|
|
|a 48 s.
|c 25 x 16,5 cm
|
| 490 |
1 |
|
|a Matičné spisy
|v č. 25
|
| 561 |
|
|
|a Prov.: Peč.: Knihoveň Matice slovenskej - Z rezervných fondov Knižnice Matice slovenskej - Štátna vedecká knižnica Prešov
|5 SVKPO: C 4535
|
| 563 |
|
|
|a Väzba pôvodná, poškodená, rúžovo-hnedý papier
|5 SVKPO: C 4535
|
| 650 |
0 |
7 |
|a staré tlače
|2 SNKPH
|9 51683
|
| 650 |
0 |
7 |
|a slovenská literatúra
|2 SNKPH
|9 1115
|
| 655 |
|
7 |
|a slovenské drámy
|2 SNKPH
|9 70606
|
| 710 |
2 |
|
|a Kníhtlačiarsky účastinársky spolok (Martin, Slovensko)
|4 prt
|9 93127
|
| 710 |
2 |
|
|a Matica slovenská
|4 pbl
|9 14662
|
| 752 |
|
|
|a Slovensko
|d Martin
|
| 830 |
|
0 |
|a Matičné spisy
|9 290423
|
| 852 |
|
|
|a SVKPO
|c Historické fondy
|p C 4535
|
| 958 |
|
|
|a LX
|
| 958 |
|
|
|a DF
|
| 999 |
|
|
|c 714985
|d 716915
|
| 952 |
|
|
|t P60, <04>, [BOOK], {604}
|a SNK
|b SNK
|y VYP
|7 0
|p 17A0082619
|o snkSB 116 D2
|0 0
|1 0
|4 0
|d 1997-07-18
|l 0
|r 2005-01-02 00:00:00
|w 2026-02-23
|
| 952 |
|
|
|a SNK
|b SNK
|y PREZ
|7 0
|p 17A0146141
|o snkSB 116
|i snk909/28
|0 0
|1 0
|4 0
|d 1998-07-02
|f 1
|l 0
|r 2025-01-31 00:00:00
|w 2026-02-23
|